书目信息 |
| 题名: |
生命最后的读书会
|
|
| 作者: | 施瓦尔贝 著 ;王兰英 译 | |
| 分册: | ||
| 出版信息: | 武汉 长江文艺出版社 2019.04 |
|
| 页数: | 357页 | |
| 开本: | 22cm | |
| 丛书名: | ||
| 单 册: | ||
| 中图分类: | I712.45 | |
| 科图分类: | ||
| 主题词: | 长篇小说--chang pian xiao shuo--美国--现代 | |
| 电子资源: | ||
| ISBN: | 978-7-5702-0770-1 | |
| 000 | 01185nam0 2200265 450 | |
| 001 | 202019137177 | |
| 005 | 20191026133320.0 | |
| 010 | @a978-7-5702-0770-1@b精装@dCNY49.00 | |
| 100 | @a20191022d2019 em y0chiy50 ea | |
| 101 | 1 | @achi@ceng |
| 102 | @aCN@b420000 | |
| 105 | @aa z 000ay | |
| 106 | @ar | |
| 200 | 1 | @a生命最后的读书会@Asheng ming zui hou de du shu hui@f(美) 威尔·施瓦尔贝著@d= The end of your life book club@fWill Schwalbe@g王兰英译@zeng |
| 210 | @a武汉@c长江文艺出版社@d2019.04 | |
| 215 | @a357页@c图@d22cm | |
| 314 | @a(美) 威尔·施瓦尔贝, 世界知名出版公司Hyperion Books的高级副总裁和总编辑。 | |
| 330 | @a本书一部温暖的成功励志小说, 笔触温暖, 是爱书人的飨宴。母亲诊断出胰腺癌晚期后, 威尔一直不知道该如何面对这件事并自然地跟母亲沟通。从偶然的一天开始, 他们一起阅读一本本同样的书, 为了在母亲之后的化疗中两人可以一起探讨, 两个人的读书会就这么开始了。 | |
| 500 | 10 | @aEnd of your life book club@mChinese |
| 606 | 0 | @a长篇小说@Achang pian xiao shuo@y美国@z现代 |
| 690 | @aI712.45@v5 | |
| 701 | 1 | @a施瓦尔贝@Ashi wa er bei@g(Schwalbe, Will)@4著 |
| 702 | 0 | @a王兰英@Awang lan ying@4译 |
| 801 | 0 | @aCN@c20190905 |
| 905 | @a河南城建学院图书馆@dI712.45@eS500 | |
| 生命最后的读书会/(美) 威尔·施瓦尔贝著= The end of your life book club/Will Schwalbe/王兰英译.-武汉:长江文艺出版社,2019.04 |
| 357页:图;22cm |
| ISBN 978-7-5702-0770-1(精装):CNY49.00 |
| 本书一部温暖的成功励志小说, 笔触温暖, 是爱书人的飨宴。母亲诊断出胰腺癌晚期后, 威尔一直不知道该如何面对这件事并自然地跟母亲沟通。从偶然的一天开始, 他们一起阅读一本本同样的书, 为了在母亲之后的化疗中两人可以一起探讨, 两个人的读书会就这么开始了。 |
| ● |
| 相关链接 |
|
|
|
正题名:生命最后的读书会
索取号:I712.45/S500
 
预约/预借
| 序号 | 登录号 | 条形码 | 馆藏地/架位号 | 状态 | 备注 |
| 1 | 1445576 | 214455766 | 文学库116/116文学库 28排6列6层/ [索取号:I712.45/S500] | 在馆 | |
| 2 | 1445577 | 214455775 | 文学库116/116文学库 28排6列6层/ [索取号:I712.45/S500] | 在馆 |